[Event "2nd Guotai Cup Belt Road 2019"]
[Site "Qinhuangdao"]
[Date "2019.04.24"]
[Round "8.10"]
[White "Zhang, Ziji"]
[Black "Li, Haoyu B."]
[Result "1-0"]
[WhiteElo "2414"]
[BlackElo "2095"]
[Annotator "TA"]
[PlyCount "101"]
[EventDate "2019.04.16"]
[EventType "swiss"]
[EventCountry "CHN"]
[SourceTitle "playchess.com"]
[Source "ChessBase"]
[SourceQuality "1"]

{[%evp 9,179,22,29,17,43,18,41,37,43,39,48,45,61,44,56,34,62,41,39,28,59,59,95,59,70,70,70,70,76,70,105,72,105,72,249,250,237,272,275,235,264,241,248,141,135,139,366,366,365,345,284,123,128,133,126,81,93,72,76,76,74,74,86,80,125,53,114,62,86,91,203,203,206,89,74,80,119,74,63,67,81,0,14,0,0,0,0,0,60,12,401,393,458,458,417,439,670,644,551,472,477,441,442,403,1411,1346,5102,2151,29947,9814,29950,5197,8548,7210,6095,5735,29954,29956,5097,6095,5089,3976,29959,29960,29977,29963,29961,29964,29963,29967,29967,29968,29964,29968,29965,29967,29965,29971,29971,29971,29969,29972,29971,29972,29973,29973,29982,29979,29978,29979,29981,29974,29974,29974,29974,29974,29983,29978,29982,29983,29987,29985,29985,29984,29985,29986,29988,29984,29986,29987,29987,29988]} 1. d4 d5 2. c4 e6 3. Nc3 Nf6 4. Nf3 Nbd7 5. Bf4 a6 6. c5 {D37: Queen's Gambit Declined: 5 Bf4} Nh5 (6... Be7 7. e3 O-O 8. h3 b6 9. b4 c6 10. Bd3 a5 11. a3 Ba6 12. O-O Bxd3 13. Qxd3 {½-½ (60) Krasenkow,M (2623)-Barski,R (2471) Chorzow 2019}) 7. e3 Be7 8. Bd3 {White is slightly better.} Nxf4 9. exf4 O-O 10. O-O c6 11. Qe2 $146 ({Predecessor:} 11. b4 b5 12. a4 Bb7 13. Qc2 g6 14. Qb2 Qc7 15. g3 Bf6 16. Ne5 Bxe5 17. fxe5 {1-0 (58) Sarosi,Z (2313)-Gupta,B (1804) Kecskemet 2011}) 11... a5 12. a3 b5 13. b4 g6 14. Qb2 a4 15. Rae1 Qc7 16. Qd2 Bf6 17. h4 h5 18. g3 Bg7 19. Kg2 Bh6 20. Qc2 Kg7 21. Re2 Bxf4 $2 (21... Rd8 $16) 22. gxf4 $18 Qxf4 23. Re3 Qg4+ 24. Kh1 {Hoping for Rg1.} Qh3+ 25. Nh2 Qxh4 {[#]} 26. Ne2 (26. Rg3 $1 $18) 26... Nf6 $16 {And now ...Ng4! would win.} 27. Kg2 Re8 $2 (27... Ng4 $16 {is a better defense.} 28. Nxg4 hxg4) 28. Rg3 $18 {Strongly threatening Nf3.} Ng4 29. Nxg4 hxg4 30. Qd2 (30. Rh1 $18 {is the precise move to win.} Qg5 31. f4) 30... Rh8 $16 {[%csl Gh8][%cal Rh4h2]} 31. Rg1 Qh6 32. Qxh6+ Rxh6 33. Rxg4 e5 34. Rg3 e4 35. Bc2 Bd7 36. f3 f5 37. fxe4 (37. Bd1 $16) 37... fxe4 (37... dxe4 $14 38. Kf2 Kf6) 38. Rh1 ({Better is} 38. Bd1 $16) 38... Rxh1 $14 39. Kxh1 Rf8 (39... Kf6 $16 {might work better.}) 40. Kg2 $18 Kh6 41. Nc3 (41. Bd1 $18 {has better winning chances.}) 41... g5 $16 42. Bd1 Rf4 43. Ne2 Rh4 44. Ng1 g4 45. Ne2 (45. Rc3 $16) 45... Kg5 $11 46. Nc3 Rh7 47. Be2 Rf7 48. Nd1 Rf4 ({Black should play} 48... Be6 $11) 49. Ne3 {Kh2 is the strong threat.} Be6 $2 {[%mdl 8192] [#]} (49... Kh4 $1 $11) 50. Kh2 $1 $18 Bd7 51. Bd1 {Played: Rg3-g1} 1-0

[Event "2nd Guotai Cup Belt Road 2019"]
[Site "Qinhuangdao"]
[Date "2019.04.25"]
[Round "9.1"]
[White "Wang, Hao"]
[Black "Idani, Pouya"]
[Result "1/2-1/2"]
[WhiteElo "2726"]
[BlackElo "2590"]
[Annotator "TA"]
[PlyCount "147"]
[EventDate "2019.04.16"]
[EventType "swiss"]
[EventCountry "CHN"]
[SourceTitle "playchess.com"]
[Source "ChessBase"]
[SourceQuality "1"]

{[%evp 15,147,9,18,0,27,29,41,36,36,40,33,38,47,30,44,44,44,44,52,53,47,45,44,45,45,34,44,28,33,23,71,46,35,35,37,25,50,21,31,37,74,65,75,75,75,64,60,56,64,64,100,64,64,50,121,99,140,140,140,140,140,140,140,140,140,140,140,89,140,136,136,136,159,100,92,92,136,136,136,0,136,22,22,22,22,22,22,29,277,191,114,79,79,79,79,79,79,79,79,79,95,108,95,0,0,0,477,471,451,275,496,508,435,223,543,498,414,0,48,8,17,0,0,0,0,-44,0,-8,-8,-8,-8,-8,0,-319]} 1. c4 e6 2. Nf3 d5 3. d4 Nf6 4. g3 Bb4+ 5. Bd2 Be7 6. Bg2 O-O 7. O-O c6 8. Qc2 Nbd7 9. a4 {[%cal Ba2a4,Ba4a5][%mdl 32] E11: Bogo-Indian} (9. Bf4 b6 10. cxd5 cxd5 11. Rc1 Bb7 12. Bc7 Qe8 13. Qb3 Nb8 14. a4 Ne4 15. Nc3 Nxc3 16. Rxc3 Na6 17. Bf4 Bb4 18. Rc2 Qe7 19. Rac1 Rac8 20. Ne5 Rxc2 21. Qxc2 {½-½ (48) Ding,L (2812)-Karjakin,S (2753) Astana 2019}) 9... Ne4 10. a5 a6 11. Rd1 $146 {White is slightly better.} ({Predecessor:} 11. Be3 f5 12. Nbd2 g5 13. Nxe4 dxe4 14. Ne5 Bf6 15. f4 exf3 16. Nxf3 Qe7 {½-½ (100) Kelires,A (2535)-Henderson de la Fuente,L (2484) Sitges 2018}) 11... Nxd2 12. Nbxd2 f5 13. Ne1 Bb4 14. Nb3 Qe7 15. Nd3 Bd6 $1 16. e3 Rb8 17. Re1 Nf6 18. Nbc5 Bd7 19. b4 Be8 20. Rac1 g5 21. f4 g4 22. Ne5 Nd7 23. Qb3 Nxe5 24. fxe5 Bxc5 $1 25. bxc5 Rc8 26. Qc2 Rc7 27. Rb1 Bd7 28. Rb6 Bc8 29. cxd5 exd5 30. Rf1 h5 31. Rf4 Qd8 32. Qf2 Rh7 33. Qe1 Rff7 34. Rb2 Rf8 (34... h4 $14) 35. Bf1 Rhf7 36. Bd3 Kg7 37. h3 Be6 38. Rh2 Rh8 39. Kf2 Qg5 40. Ke2 Rff8 41. Qf1 (41. h4 $142 Qe7 42. Rhf2) 41... Rf7 (41... h4 $142 42. Qf2 hxg3 43. Qxg3 Qh4) 42. hxg4 hxg4 43. Rff2 Kg8 44. Rxh8+ (44. Qh1 $142 $1 Rfh7 45. Rxh7 Rxh7 46. Qb1) 44... Kxh8 $16 45. Qb1 Bc8 46. Qb6 Qe7 47. Qb1 (47. Rf1 $16) 47... Qf8 (47... Qg5 $11) 48. e6 ({White should play} 48. Qf1 $16) 48... Bxe6 $11 49. Rh2+ Kg8 50. Qh1 Qg7 51. Rh5 Kf8 $2 (51... Bd7 $11) 52. Rh8+ $18 Ke7 53. Rb8 $36 {[%mdl 3072] White has strong compensation. White is really pushing.} Kf6 54. Qh4+ Qg5 55. Qh8+ Qg7 56. Qd8+ Kg6 57. Qh4 {aiming for Rh8.} Qh6 {[#] and if ...Qxh4 works, Black does fine.} 58. Qxg4+ $1 Kf6 59. Qg8 (59. Qh4+ $16 Qxh4 60. gxh4) 59... Qh2+ $11 60. Kd1 {Threatens to win with g4!} Qg1+ $2 {[%mdl 8192]} (60... Rh7 $11 {and Black stays safe.} 61. Qd8+ Kg6) 61. Kd2 $18 {And now Qh8+ would win.} Qh2+ 62. Kc3 Qh6 $2 {[#]} (62... Qh1 {might work better.} 63. g4 Qc1+ 64. Kb3 Qxe3 65. g5+ Qxg5) 63. Qd8+ $1 Kg7 {Now ...Rd7 and Black clings on.} 64. Kd2 (64. g4 $142 fxg4 65. Ra8) 64... Qh2+ $2 (64... Rd7 {is a better chance.} 65. Qc8 Rf7 66. Qg8+ Kf6 67. Qd8+ Kg7) 65. Be2 {White threatens Qg5+ and mate.} Qh6 66. Qb6 $2 (66. Ra8 $18) 66... Qg5 67. Rxb7 (67. Re8 $5 {[%cal Re8e6]} Bd7 68. Re5 $14) 67... Qxg3 68. Rxf7+ Bxf7 69. Qxa6 f4 70. Qd3 f3 {Hoping for ...Qf2.} (70... Bg6 $5 {[%cal Rg6d3]} 71. Qb3 f3 72. Qb7+ {[%mdl 64] Double Attack} Kh6 73. Bxf3 Qxf3 74. Qxc6 Qf2+ 75. Kc3 Qxe3+ 76. Kb4 Qxd4+ 77. Kb5 Qb2+ 78. Ka6 d4 $11) 71. a6 {Strongly threatening a7.The position is equal.} Bg6 72. e4 $1 dxe4 73. Qe3 {Black must now prevent a7.} Qc7 74. Bc4 $2 {[%mdl 40960] Accuracy: White = 48%, Black = 48%. . An unexpected result.} (74. Qg5 $11 {and White has nothing to worry.} Qa5+ 75. Ke3 Qc3+ 76. Kf2) 1/2-1/2

[Event "2nd Guotai Cup Belt Road 2019"]
[Site "Qinhuangdao"]
[Date "2019.04.25"]
[Round "9.2"]
[White "Wu, Wenjin"]
[Black "Lu, Shanglei"]
[Result "1/2-1/2"]
[WhiteElo "2345"]
[BlackElo "2625"]
[Annotator "TA"]
[PlyCount "72"]
[EventDate "2019.04.16"]
[EventType "swiss"]
[EventCountry "CHN"]
[SourceTitle "playchess.com"]
[Source "ChessBase"]
[SourceQuality "1"]

{[%evp 11,72,-2,0,0,0,-3,27,14,83,77,101,108,92,91,84,96,91,114,141,125,133,126,120,138,169,0,0,0,0,0,0,0,0,-14,0,0,26,26,40,58,80,18,27,0,0,0,0,0,18,22,40,0,20,18,24,0,0,0,31,0,0,0,29]} 1. d4 Nf6 2. Nf3 e6 3. c4 d5 4. Nc3 c6 5. cxd5 exd5 6. Bg5 h6 7. Bf4 {D35: Queen's Gambit Declined: Exchange Variation} (7. Bh4 Be6 8. e3 Nbd7 9. Bd3 g5 10. Bg3 Nh5 11. Qc2 Nxg3 12. hxg3 Bg7 13. a3 Qe7 14. Na4 O-O 15. O-O {½-½ (56) Wang,Y (2690)-Fedoseev,V (2718) Riadh 2017}) 7... Bf5 8. e3 Qb6 9. Bd3 {White has an edge.} Qxb2 (9... Bxd3 $11 10. Qxd3 Nbd7) 10. O-O $16 Bc8 $146 {[#]} ({Predecessor:} 10... Bxd3 11. Qxd3 Bb4 12. Nb5 cxb5 13. Qxb5+ Nbd7 14. Rab1 Qa3 15. Rxb4 {0-1 (39) Reimer,W (2049)-Wiebe,P (2184) Germany 2005}) 11. Rc1 $1 Nbd7 {[#]} 12. e4 $1 $36 {[%cal Re4d5][%mdl 2048] White is on the roll.} Bb4 13. exd5 {And now Rc2 would win.} O-O 14. dxc6 Bxc3 15. Rb1 ({Resist} 15. cxd7 Bxd7 16. Bc4 Qa3 $16) 15... Qxa2 16. cxb7 ({Don't take} 16. cxd7 Bxd7 17. Qc1 (17. Rxb7 Rfc8 $11) 17... Rfc8 $14) 16... Bxb7 17. Rxb7 Nb6 18. Ne5 $2 (18. Be5 $18 Qe6 19. Qb1) 18... Qd5 $11 19. Qf3 Bxd4 20. Nc6 {Strongly threatening Ne7+.} Bc5 21. Rc1 Rfe8 22. Bxh6 Qxf3 23. gxf3 gxh6 24. Rxc5 Re1+ 25. Kg2 Rc8 26. Be4 (26. Re5 $16 Rxe5 27. Nxe5) 26... Kg7 27. Rf5 (27. Bf5 {looks sharper.} Rce8 28. f4 Nbd5 29. Kf3 Rh1 30. Ne5) 27... Rxe4 28. Nxa7 Re6 29. Rxb6 Rxb6 (29... Rc2 {with more complications.} 30. Rxe6 fxe6 31. Ra5 Nd5 32. Ra4 Ne3+) 30. Nxc8 {[%mdl 4096] Endgame KRN-KRN} Re6 31. f4 Rc6 32. Ne7 Rc2 33. Kf3 Rc3+ 34. Kg2 Rc2 35. Kf3 Rc3+ 36. Kg2 {Black must now prevent Rxf6!} Rc2 {Accuracy: White = 59%, Black = 59%.} 1/2-1/2

[Event "2nd Guotai Cup Belt Road 2019"]
[Site "Qinhuangdao"]
[Date "2019.04.25"]
[Round "9.3"]
[White "Oleksiyenko, Mykhaylo"]
[Black "Zvjaginsev, Vadim"]
[Result "1/2-1/2"]
[WhiteElo "2598"]
[BlackElo "2641"]
[Annotator "TA"]
[PlyCount "219"]
[EventDate "2019.04.16"]
[EventType "swiss"]
[EventCountry "CHN"]
[SourceTitle "playchess.com"]
[Source "ChessBase"]
[SourceQuality "1"]

{[%evp 12,219,25,25,24,27,27,20,33,20,27,26,28,32,29,16,25,13,13,8,29,18,22,26,34,13,49,45,61,70,62,64,61,65,63,69,61,26,112,107,105,112,106,84,90,88,90,86,93,98,104,97,100,102,108,105,145,143,144,135,135,137,139,97,86,79,96,42,98,18,175,192,175,159,162,106,149,156,157,74,85,74,91,92,131,121,125,71,71,26,62,62,88,31,31,8,8,1,1,0,8,0,0,0,0,0,0,0,0,0,0,0,0,0,8,8,50,50,50,50,50,50,50,50,50,50,50,50,50,50,50,50,50,50,50,50,50,50,50,50,50,50,50,50,50,50,50,50,50,8,8,8,8,8,8,8,8,0,8,8,50,57,65,0,0,0,8,0,0,0,0,0,0,0,0,0,0,0,0,0,0,0,8,0,8,0,0,0,0,0,0,0,8,0,0,0,0,0,0,0,0,0,0,0,0,0,0,0,0,0]} 1. e4 e6 2. d4 d5 3. Nd2 c5 4. Ngf3 Nc6 5. exd5 exd5 6. Bb5 Qe7+ 7. Be2 Qc7 {C09: French Tarrasch: 3...c5 4 exd5 exd5 5 Ngf3 Nc6} 8. O-O Nf6 9. Re1 cxd4 10. Nb3 Bb4 11. Bd2 Bxd2 12. Qxd2 O-O 13. Nfxd4 Bd7 14. Nxc6 bxc6 {[#]} 15. c4 $146 ({Predecessor:} 15. Nc5) 15... Be6 16. Nd4 Ne4 17. Qe3 Qb6 18. Nxe6 (18. Bf3 {keeps more tension.} Ng5 19. Nxe6 Nxf3+ 20. gxf3 fxe6 21. Qxb6 axb6 22. Rxe6 dxc4 23. Rxc6 b5 24. Kg2) 18... fxe6 19. Bg4 Rfe8 20. Qxb6 axb6 21. cxd5 cxd5 22. f3 Nc5 23. b4 Nd3 24. Rxe6 Nxb4 (24... Kf7 $11 25. Rxe8 (25. Rxb6 Rxa2 26. Rb7+ Kf8 $11) 25... Rxe8) 25. Rxb6 $16 Nc2 26. Rab1 Na3 27. R1b3 {And now Be6+ would win.} Nc4 28. Re6 Kf8 29. Rxe8+ Rxe8 {[%mdl 4096] Endgame KRB-KRN} 30. f4 Re1+ 31. Kf2 Ra1 32. Rb8+ Ke7 33. Ra8 Nd2 34. Ke2 Ne4 35. Ke3 Nc3 36. Ra7+ Kf8 37. a3 Nb5 38. Ra8+ Ke7 39. Bf5 (39. Bf3 $16) 39... d4+ (39... g6 $14 40. Bd3 d4+ 41. Kf2 Nc3) 40. Kf3 (40. Kd3 $16) 40... Re1 $2 {[#]} (40... g6 $11 41. Bd3 Nc3) 41. Bxh7 $18 Re3+ 42. Kf2 Nc3 43. Bg6 (43. Ra7+ $18 Kf6 44. Rd7) 43... Kd6 44. a4 Kc5 45. Re8 (45. a5 $142) 45... Nd1+ $16 46. Kf1 Ra3 47. Ke2 Ne3 48. g3 Rxa4 49. Rc8+ (49. Re5+ $142 Kc4 50. Bd3+ Kb3 51. Rb5+ Kc3 52. Rc5+ Kb4 53. Rc7) 49... Kd6 50. Kf3 Ra2 51. Rd8+ Kc5 52. Ke4 (52. Bd3 $16) 52... Rxh2 $14 53. Rxd4 Rg2 54. Rd7 {[#] Strongly threatening Kf3.} Rxg3 55. Rxg7 Kd6 56. Ra7 Ng2 57. Bh5 Re3+ 58. Kf5 Nxf4 59. Kxf4 $11 {KRB-KR} (59. Bg4 {is interesting.} Nd5 60. Ra8 Re5+ 61. Kg6 Re1 62. Rd8+) 59... Re1 60. Bf3 Kc5 61. Be4 Kd6 62. Ra6+ Ke7 63. Ke5 Re2 64. Ra7+ Ke8 65. Kd5 Kf8 66. Bf5 Re7 67. Ra6 Kf7 68. Be6+ Kf6 69. Rb6 Kg5 70. Ke5 Ra7 71. Rb1 Ra5+ 72. Bd5 Kh5 73. Rg1 Rb5 74. Rg8 Ra5 75. Ke4 Kh6 76. Rg2 Rb5 77. Be6 Rg5 78. Rf2 Kg6 79. Rf8 Kg7 80. Ra8 Kf6 81. Bf5 Rg1 82. Ra6+ Ke7 83. Ke5 Re1+ 84. Be4 Ke8 85. Ra8+ Ke7 86. Ra7+ Ke8 87. Kf5 ({Better is} 87. Kd5 $1 $14) 87... Kd8 {The position is equal.} 88. Bd5 Re7 89. Ra8+ Kd7 90. Be6+ Kd6 91. Rd8+ Kc5 92. Ke5 Rh7 93. Rc8+ Kb5 94. Kd6 Kb4 95. Rc4+ Kb5 96. Rc3 Rh4 97. Rg3 Rf4 98. Rh3 Rf6 99. Rb3+ Ka6 100. Kd5 (100. Ke7 {seems wilder.} Rh6 101. Kf7 Rh5 102. Kg8 Ka7 103. Ra3+) 100... Ka7 101. Bd7 (101. Bh3 {with more complications.} Rh6 102. Ra3+ Kb7 103. Rb3+ Kc7 104. Kc5) 101... Rb6 102. Rc3 Rh6 103. Bc6 Kb6 104. Rb3+ Kc7 105. Rb7+ Kd8 106. Rd7+ Kc8 107. Kc5 Rh2 108. Rf7 Kd8 109. Kb6 Rb2+ 110. Bb5 {Accuracy: White = 58%, Black = 66%.} 1/2-1/2

[Event "2nd Guotai Cup Belt Road 2019"]
[Site "Qinhuangdao"]
[Date "2019.04.25"]
[Round "9.4"]
[White "Yilmaz, Mustafa"]
[Black "Chen, Qi b"]
[Result "1-0"]
[WhiteElo "2631"]
[BlackElo "2424"]
[Annotator "TA"]
[PlyCount "59"]
[EventDate "2019.04.16"]
[EventType "swiss"]
[EventCountry "CHN"]
[SourceTitle "playchess.com"]
[Source "ChessBase"]
[SourceQuality "1"]

{[%evp 15,59,31,43,9,28,26,33,24,35,36,47,0,65,62,85,93,91,79,88,85,158,82,236,147,174,115,282,279,282,280,273,272,275,276,397,397,372,401,390,380,460,444,490,476,589,583]} 1. d4 Nf6 2. c4 e6 3. Nf3 d5 4. Nc3 Nbd7 5. cxd5 exd5 6. Bg5 c6 7. Qc2 Be7 8. e3 Nh5 9. h4 {D36: Queen's Gambit Declined: Exchange Variation: Main line (5 Bg5 c6 6 Qc2)} (9. Bxe7 Qxe7 10. Be2 g6 11. O-O O-O 12. Bd3 Ndf6 13. Rfe1 Re8 14. Ne5 Ng4 15. Nf3 Ngf6 16. Ne5 Ng4 17. Nf3 {½-½ (17) Grischuk,A (2772)-Wang,H (2690) China 2017}) 9... Ndf6 10. Ne5 h6 11. Be2 {White is slightly better.} Be6 $146 ({Predecessor:} 11... hxg5 12. hxg5 Nd7 13. Rxh5 Rxh5 14. Bxh5 Nxe5 15. dxe5 Bxg5 16. Qh7 g6 17. Bxg6 fxg6 18. Qxg6+ Kd7 19. Qd6+ Ke8 20. Qg6+ Kd7 21. Qd6+ {½-½ (21) Zaiatz,E (2426)-Nechaeva,M (2402) Olginka 2011}) 12. O-O-O {[%cal Ba1d1,Bd1d4,Bd4a4][%mdl 32]} Qd6 13. g4 hxg5 ({Better is} 13... Ng3 $1 $11 14. Bf4 (14. fxg3 hxg5 15. hxg5 {[%mdl 64] Discovered Attack} Rxh1 $11) 14... Nxe2+ 15. Nxe2 Qd8) 14. hxg5 $14 Nd7 {[#]} 15. f4 $1 Nxe5 16. dxe5 Qc5 17. Rd4 g6 {[#]} (17... b5 $142) 18. gxh5 (18. Kb1 $142 $1) 18... O-O-O $2 (18... b5 $16 {was worth a try.}) 19. h6 Qa5 20. Bf1 (20. Kb1 $18) 20... c5 $2 (20... Bc5 $16) 21. Ra4 $18 Qb6 22. Qb3 Qxb3 23. axb3 d4 24. exd4 Bxb3 (24... cxd4 $142 25. Nb5 Bxb3 26. Rxd4 (26. Rxa7 Kb8 $18) 26... Bc5 27. Rxd8+ Rxd8 28. Nd6+ Bxd6) 25. Ra3 c4 26. Rxb3 ({Weaker is} 26. Rxa7 Kb8 $16) 26... cxb3 27. d5 Bc5 {With the idea ...Be3+.} 28. Kd2 {White is clearly winning.} Bb4 {and if ...Rxd5+ works, Black does fine.} 29. Bc4 Bxc3+ 30. Kxc3 {Accuracy: White = 55%, Black = 17%.} 1-0

[Event "2nd Guotai Cup Belt Road 2019"]
[Site "Qinhuangdao"]
[Date "2019.04.25"]
[Round "9.5"]
[White "Oparin, Grigoriy"]
[Black "Xu, Yinglun"]
[Result "1-0"]
[WhiteElo "2624"]
[BlackElo "2532"]
[Annotator "TA"]
[PlyCount "107"]
[EventDate "2019.04.16"]
[EventType "swiss"]
[EventCountry "CHN"]
[SourceTitle "playchess.com"]
[Source "ChessBase"]
[SourceQuality "1"]

{[%evp 18,107,12,11,28,11,22,0,25,16,32,20,65,65,63,63,62,56,58,63,58,68,87,87,87,81,94,94,94,94,94,95,94,94,94,94,95,79,79,52,79,79,100,100,100,89,133,42,49,20,20,20,20,20,20,20,20,20,20,20,20,20,356,348,341,336,651,632,1403,1237,12845,12175,29953,29955,29954,29955,29954,29950,29952,29954,29953,29950,29946,29951,29942,29944,29938,29937,12839,12828,12799,12796]} 1. Nf3 Nf6 2. g3 d5 3. Bg2 e6 4. c4 Be7 5. d4 O-O 6. Nc3 dxc4 7. Ne5 c5 8. dxc5 Qxd1+ 9. Nxd1 Bxc5 10. Nxc4 Nc6 {E06: Closed Catalan: Early deviations} 11. Be3 Bb4+ 12. Nc3 Nd5 {The position is equal.} 13. Bd2 Rd8 (13... Nxc3 14. bxc3 Be7 15. Rb1 Rd8 16. O-O Bf6 17. Rfd1 h6 18. a4 {1-0 (46) Wang,H (2734)-Fressinet,L (2687) Almaty 2016}) 14. O-O-O Kf8 $146 ({Predecessor:} 14... Be7 15. Kb1 Bd7 16. e4 Nxc3+ 17. Bxc3 {½-½ (49) Hujbert,F (2457)-Akesson,R (2419) Budapest 2016}) 15. Nxd5 exd5 16. Bxb4+ Nxb4 17. a3 Be6 18. axb4 Rac8 {[%mdl 64] Pin} 19. Rd4 $1 Rxc4+ 20. Rxc4 dxc4 $14 {[%mdl 4096] Endgame KRB-KRB} 21. Rd1 Rc8 22. Bxb7 Rb8 23. Bd5 Ke7 24. Bxe6 Kxe6 $16 {KR-KR} 25. Kc2 Rxb4 26. Ra1 Rb7 27. Ra5 Kd6 28. h4 g6 29. h5 Re7 30. e3 Rb7 31. g4 f6 32. hxg6 ({White should play} 32. h6 $1 $16) 32... hxg6 $14 33. g5 {Threatens to win with Ra6+.} Ke7 34. gxf6+ Kxf6 35. Ra4 Kg5 36. Rxc4 Rf7 $1 37. f4+ Kg4 $1 38. Rc6 Kf3 39. Re6 a5 $2 {[%mdl 8192]} (39... Rb7 $11 {and Black is okay.}) 40. Kb3 $1 $18 Rb7+ {[#]} 41. Ka3 $1 Rb8 $2 {[#]} (41... a4 42. Rxg6 (42. Kxa4 Rxb2 43. Rxg6 Kxe3 $11) 42... Kxe3) 42. b3 $1 {[%cal Bb2b3,Bb3b4,Bb4b5,Bb5b6][%mdl 32]} Ke2 43. Rxg6 Kxe3 44. Rg5 Kxf4 45. Rxa5 Ke4 46. b4 Kd4 47. Rc5 Ra8+ 48. Kb3 Rb8 49. Rh5 Rc8 50. b5 Rc5 51. Rh4+ Kd5 52. Kb4 Rc1 53. Rh6 Ra1 54. b6 {Accuracy: White = 72%, Black = 40%.} 1-0

[Event "2nd Guotai Cup Belt Road 2019"]
[Site "Qinhuangdao"]
[Date "2019.04.25"]
[Round "9.6"]
[White "Zhao, Chenxi"]
[Black "Antipov, Mikhail Al."]
[Result "1/2-1/2"]
[WhiteElo "2367"]
[BlackElo "2605"]
[Annotator "TA"]
[PlyCount "96"]
[EventDate "2019.04.16"]
[EventType "swiss"]
[EventCountry "CHN"]
[SourceTitle "playchess.com"]
[Source "ChessBase"]
[SourceQuality "1"]

{[%evp 23,96,13,8,0,0,0,0,0,36,6,18,24,30,0,8,8,8,4,22,18,18,18,62,20,13,19,19,0,0,0,0,0,0,0,0,0,0,0,0,0,0,0,0,0,16,0,14,0,28,0,64,0,0,0,0,0,0,0,0,0,0,0,0,0,0,0,122,142,141,0,0,0,123,0,0]} 1. e4 e6 2. d4 d5 3. Nd2 c5 4. exd5 Qxd5 5. Ngf3 cxd4 6. Bc4 Qd7 7. O-O Nc6 8. Nb3 a6 9. Nbxd4 Nf6 10. a4 Nxd4 11. Qxd4 Qxd4 12. Nxd4 Bd7 13. Re1 {C07: French Tarrasch: 3...c5, 4 Ngf3 and 4 exd5 Qxd5} (13. b3 Bc5 14. Bb2 Rc8 15. Rfe1 O-O 16. Nf3 Rfd8 17. Bd4 b5 18. axb5 axb5 19. Bxc5 Rxc5 20. Bd3 Nd5 {½-½ (33) Tiviakov,S (2657)-Stupak,K (2486) Beirut 2014}) 13... Bc5 14. Nb3 $146 ({Predecessor:} 14. Be3 Ng4 15. Rad1 Nxe3 16. fxe3 Bxa4 17. b3 Bd7 18. Nf3 f6 19. Nd4 Ke7 20. Bd3 Rac8 {0-1 (31) Salido Polo,V (1984)-Pascual Palomo,L (2126) Cortegana 2010}) 14... Bd6 15. c3 O-O-O 16. h3 Kb8 17. Be3 Rc8 18. Be2 Nd5 19. Red1 Rhd8 20. Bd4 f6 21. Bf3 Bc6 22. Bc5 Be5 23. Nd4 Bxd4 24. Rxd4 e5 25. Rdd1 Nf4 26. Bxc6 {[#] And now Rxd8 would win.} Rxd1+ 27. Rxd1 {Bd6+ is the strong threat.} Rxc6 $11 {[%mdl 4096] Endgame KRB-KRN} 28. Be3 Kc7 29. Bxf4 exf4 {KR-KR} 30. Rd4 g5 31. Kf1 Rb6 32. Rc4+ Kd7 33. b4 Re6 34. Rd4+ Ke8 35. Rc4 Re7 36. Rd4 Kf7 (36... Re6 $11) 37. Rd6 (37. a5 $1 $14) 37... Kg6 38. Rb6 h5 39. f3 Rc7 40. c4 Rxc4 41. Rxb7 Rc1+ 42. Kf2 Rc2+ 43. Kf1 Rb2 44. Rb6 Kf5 {[#]} (44... Rb1+ $11 {keeps the balance.} 45. Ke2 Rb2+ 46. Kf1 Rb1+ 47. Kf2 Rb2+ 48. Kf1) 45. b5 $1 $16 Rb1+ 46. Kf2 ({White has to play} 46. Ke2 $16) 46... Rb2+ $11 47. Kf1 (47. Ke1 $11) 47... Rb1+ $16 48. Kf2 (48. Ke2 $16) 48... Rb2+ {Accuracy: White = 59%, Black = 66%.} 1/2-1/2